[Event "Tiznit op 5th"]
[Site "Tiznit"]
[Date "2024.01.14"]
[Round "6"]
[White "Ajbara, Jamal"]
[Black "Echcharbiny, Wissal"]
[Result "1/2-1/2"]
[WhiteElo "1930"]
[BlackElo "1549"]
[PlyCount "122"]
[EventDate "2024.01.11"]
[EventType "swiss"]
[EventRounds "7"]
[EventCountry "MAR"]
[SourceTitle "CB04_2024"]
[SourceDate "2023.10.16"]
[SourceVersion "1"]
[SourceVersionDate "2023.10.16"]
[SourceQuality "1"]

1. d4 d5 2. Nf3 e6 3. c4 c6 4. Nc3 Bd6 5. Bg5 Nf6 6. e3 Nbd7 7. Bd3 b6 8. 0-0 Qc7 9. Rc1 Qb8 10. cxd5 exd5 11. e4 Bf4 12. Bxf4 Qxf4 13. exd5 Nxd5 14. Re1+ Kf8 15. Qe2 g6 16. Nxd5 cxd5 17. Qe7+ Kg7 18. Ng5 Nf8 19. Rc7 Qf6 20. Qxf7+ Qxf7 21. Nxf7 Ne6 22. Rxe6 Bxe6 23. Ng5+ Kf6 24. Nxh7+ Rxh7 25. Rxh7 Bf7 26. Rh3 Rc8 27. Rf3+ Kg7 28. h3 Rc1+ 29. Kh2 Ra1 30. a3 Ra2 31. Re3 Rxb2 32. Kg3 Rb3 33. Be2 Rb2 34. Kf4 Kf6 35. h4 Rd2 36. Bd3 Rxf2+ 37. Rf3 Rxg2 38. Ke3+ Kg7 39. Kf4 Rh2 40. Kg5 Rg2+ 41. Kf4 Kf6 42. Bf1 Ra2 43. Bb5 Rc2 44. Bd3 Rc3 45. Kg4+ Kg7 46. a4 Be6+ 47. Kf4 Bd7 48. Rg3 Bxa4 49. Rxg6+ Kf7 50. Rg3 Rc1 51. Ke5 Rh1 52. Bg6+ Ke7 53. h5 Bd1 54. Kxd5 Bxh5 55. Be4 Bf7+ 56. Kc6 Rh6+ 57. Kb7 a5 58. Bc6 Be8 59. Re3+ Re6 60. Rxe6+ Kxe6 61. Bxe8 Kd5 1/2-1/2

[Event "Tiznit op 5th"]
[Site "Tiznit"]
[Date "2024.01.14"]
[Round "7"]
[White "Echcharbiny, Houda"]
[Black "Ajbara, Jamal"]
[Result "1/2-1/2"]
[WhiteElo "1559"]
[BlackElo "1930"]
[PlyCount "68"]
[EventDate "2024.01.11"]
[EventType "swiss"]
[EventRounds "7"]
[EventCountry "MAR"]
[SourceTitle "CB04_2024"]
[SourceDate "2023.10.16"]
[SourceVersion "1"]
[SourceVersionDate "2023.10.16"]
[SourceQuality "1"]

1. d4 d5 2. c4 c6 3. cxd5 cxd5 4. Nc3 Nf6 5. Nf3 Nc6 6. Bg5 Ne4 7. Bh4 Qa5 8. Qb3 e6 9. a3 Bd7 10. e3 Rc8 11. Rc1 Bd6 12. Bd3 Ne7 13. 0-0 f5 14. Ne2 Bc6 15. Bg3 Bxg3 16. Nxg3 0-0 17. Bxe4 fxe4 18. Ne5 Bb5 19. Rfe1 Qd2 20. Qd1 Qxf2+ 21. Kh1 Rxc1 22. Qxc1 h5 23. Rg1 g6 24. Qc5 h4 25. Qxe7 Qf6 26. Qxb7 Bd3 27. Ng4 Qg5 28. h3 hxg3 29. Qc7 Qh4 30. Qe5 Rf5 31. Qxe6+ Kg7 32. Qd7+ Kg8 33. Qe8+ Kg7 34. Qd7+ Kg8 1/2-1/2